Cuatro años de gobierno democristiano /

Guardat en:
Dades bibliogràfiques
Autor corporatiu: Unidad Revolucionaria Nacional Guatemalteca. Centro de Documentación
Format: Desconegut
Idioma:Spanish
Publicat: Ciudad de Guatemala: URNG, Centro de Documentación 1990
Etiquetes: Afegir etiqueta
Sense etiquetes, Sigues el primer a etiquetar aquest registre!

MARC

LEADER 00000 a2200000 04500
003 cru IIS
005 20220823141203.0
008 211019s1990 gt |||||r||||||0| ||spa d
040 |c cru IIS 
090 |a 10632.01-14 
110 1 |a Unidad Revolucionaria Nacional Guatemalteca.  |9 10111  |b Centro de Documentación 
245 1 |a Cuatro años de gobierno democristiano /  |c Centro de Documentación de la Unidad Revolucionaria Nacional Guatemalteca, URNG 
260 |a Ciudad de Guatemala:   |b URNG,   |b Centro de Documentación   |c 1990 
300 |a 246 páginas 
500 |a Colección Centroamérica 
942 |2 ddc  |c LI 
999 |c 43931  |d 43931